Normal view MARC view
  • Sahibzada, Sarah Shahid (TCC-20)

Entry Personal Name

Number of records used in: 1

001 - CONTROL NUMBER

  • control field: 132267

003 - CONTROL NUMBER IDENTIFIER

  • control field: NUST

005 - DATE AND TIME OF LATEST TRANSACTION

  • control field: 20251215125119.0

008 - FIXED-LENGTH DATA ELEMENTS

  • fixed length control field: 251215|| aca||aabn | a|a d

040 ## - CATALOGING SOURCE

  • Original cataloging agency: NUST
  • Transcribing agency: NUST

100 ## - HEADING--PERSONAL NAME

  • Personal name: Sahibzada, Sarah Shahid (TCC-20)

670 ## - SOURCE DATA FOUND

  • Source citation: Work cat.: (NUST)190696: Sahibzada, Sarah Shahid (TCC-20), Implimentation of narrowband & wideband waveform for software defined radio /, 2012
© 2023 Central Library, National University of Sciences and Technology. All Rights Reserved.